| 000 | 01549cam a22004577a 4500 | ||
|---|---|---|---|
| 001 | data | ||
| 005 | 20260322212116.0 | ||
| 008 | data | ||
| 035 | _a17487561 | ||
| 906 |
_a7 _bcbc _ccopycat _d2 _encip _f20 _gy-gencatlg |
||
| 925 | 0 |
_aacquire _b1 shelf copies _xpolicy default |
|
| 010 | _a 2012951229 | ||
| 020 |
_a9780805097900 _qboardbook |
||
| 020 |
_a0805097902 _qboardbook |
||
| 035 | _a(OCoLC)812252585 | ||
| 040 |
_aBTCTA _beng _cBTCTA _dDLC _dYDXCP _dIOS _dKCP _dOCP _dOCLCF _dDLC |
||
| 042 | _alccopycat | ||
| 050 | 0 | 0 |
_aPZ8.B423115 _bRap 2013 |
| 082 | 0 | 0 |
_a[E] _223 |
| 100 | 1 | _aBelle, Trixie. | |
| 245 | 1 | 0 |
_aRapunzel / _cTrixie Belle and Melissa Caruso-Scott ; illustrated by Oliver Lake. |
| 250 | _a1st ed. | ||
| 260 |
_aNew York : _bHenry Holt and Co. LLC, _c2013. |
||
| 300 |
_a1 v. (unpaged) : _bcol. ill. ; _c16 cm. |
||
| 336 |
_atext _btxt _2rdacontent |
||
| 337 |
_aunmediated _bn _2rdamedia |
||
| 338 |
_avolume _bnc _2rdacarrier |
||
| 490 | 1 | _aLes petits fairytales | |
| 500 | _aCover title. | ||
| 500 | _aOn board pages. | ||
| 520 | _aVery simple version of the Rapunzel tale in which a girl is hidden away in a tower by her guardian. | ||
| 650 | 0 | _aFairy tales. | |
| 650 | 1 | _aFairy tales. | |
| 650 | 7 |
_aFairy tales. _2fast |
|
| 700 | 1 | _aCaruso-Scott, Melissa. | |
| 700 | 1 |
_aLake, Oliver _eill. |
|
| 800 | 1 |
_aBelle, Trixie. _tPetits fairytales. |
|
| 999 |
_c1753 _d1753 |
||